00761nam a2200217Ia 4500008004100000020001500041040001800056041000800074100002900082245009300111260004500204300003200249490005200281504003800333650002200371650003200393650001500425650002500440650003000465651004800495130821s1984 ck gr spa  a9589003060 aCo-BoUCMbspa00aspa aTovar Zambrano, Bernardo03aLa intervención económica del estado en Colombia 1914-1936cBernardo Tovar Zambrano aBogotá (Colombia)bBanco Popularc1984 a247 páginasmap, tab, cuad aBiblioteca Banco Popular. Textos Universitarios aIncluye bibliografía e índice04aDerecho público04aDerecho públicozColombia04aEconomía04aHistoria de Colombia04aIntervención del estado aColombiaxPolítica económicay1914-1936